Statystyki dla Ranking wygranych bitew w całej historii świata

Kliknij tutaj aby rozwiązać quiz!

Ogólne statystyki

  • Ten quiz został rozwiązany 105 razy
  • Średni wynik to 8 z 10

Statystyki odpowiedzi

Wygrane bitwyKraj% Poprawnych
344Polska
99%
491Rosja
98%
1115Francja
93%
425Niemcy
93%
833USA
93%
244Chiny
88%
1105Wielka Brytania
87%
387Hiszpania
78%
210Turcja
67%
259Rzym
25%

Rozkład punktacji

Percentyl według liczby udzielonych odpowiedzi

Procent ludzi z każdym wynikiem

Twoja historia wyników

Nie rozwiązałeś tego quizu